000 02575nam a2200229Ia 4500
003 Ost
005 20260507075615.0
008 260507s9999||||xx |||||||||||||| ||und||
020 _a9789961018941
040 _cfsecg
041 _aara
082 _a657.46
100 _aبكاري، بلخير
_eمؤلف
245 0 _a دروس في المحاسبة المعمقة حسب النظام المحاسبي المالي (SCF) :
_bموجه لطلبة علوم التسيير والعلوم التجارية والكلبة المهتمين بالمحاسبة والممارسين /
_c بلخير بكاري
260 _aالجزائر:
_bديوان المطبوعات الجامعية,
_c2016
300 _a194 صفحة؛
_bإيضاحات ؛
_c22 سم
504 _aالمراجع ص.285
520 _aيتناول الكتاب المعنون بـ دروس في المحاسبة المعمقة حسب النظام المحاسبي المالي (SCF)، كمحور أول مدخل لأهم بنود النظام المحاسبي المالي ومبادئ وفروض المحاسبة، أما الثاني فيشمل دراسة التثبيتات العينية والمعنوية والمالية وعقود الإيجار التمويلية بالإضافة إلى الاهتلاكات وخسائر القيمة والتنازل عن التثبيتات ، في حين خصص المحور الثالث لدراسة المخزونات ويتعلق بقواعد تقييم المخزونات والقيود المحاسبية المتعلقة بها والمعالجة وفق الجرد المتناوب وتقييم المخزونات في نهاية الدورة بالإضافة الى عملية الجرد المادي، أما المحور الرابع فيحتوى على دراسة حسابات رؤوس الأموال ويرتبط بالتطرق إلى جميع حسابات المجموعة الأولى ، الخامس : المؤوونات ويتعلق بشروط تكوين المؤونة ومختلف حساباتها، وقد تناول المحور السادس حالة المقاربة البنكية ةيتعلق بأهميتها ومراحل إجرائها، أما السابع فقد خصص للعقود طويلة الأجل ويضم كل من تعريفها وتحديد تكاليف وإيرادات العقود طويلة الأجل بالإضافة الى المعالجة المحاسبية لها.
653 _a النظام المحاسبي المالي - الجزائر
653 _aالمحاسبة المعمقة
942 _cكتاب
999 _c45108
_d45108